Most dominant football team of subdivision - Statistics

General Stats
  • This quiz has been taken 35 times
    11 since last reset
  • The average score is 42 of 59
Answer Stats
Province Club % Correct
E Lazio AS Roma
100%
S Catalonia Barcelona
100%
D Bavaria Bayern Munich
100%
D North-Rhine Westphalia Borussia Dortmund
100%
D Berlin Hertha BSC
100%
E Piedmont Juventus
100%
F Ile de France PSG
100%
S Madrid Real Madrid
100%
S Andalusia Sevilla
100%
S Basque Country Athletic Bilbao
86%
E Emilia Romagna Bologna
86%
E Sardinia Cagliari
86%
E Tuscany Fiorentina
86%
E Venezia Hellas Verona
86%
E Lombardy Inter Milan
86%
S Canary Islands Las Palmas
86%
F Pays de la Loire Nantes
86%
F Provence Olympique Marseille
86%
E Sicily Palermo
86%
D Saxony RB Leipzig
86%
S Balearic Islands Real Mallorca
86%
S Aragon Real Zaragoza
86%
F Auvergne-Rhone-Alpes Saint-Etienne
86%
E Apulia SSC Bari
86%
E Campania SSC Napoli
86%
D Baden-Württemberg Stuttgart
86%
D Bremen Werder Bremen
86%
S Galicia Celta Vigo
71%
D Hesse Eintracht Frankfurt
71%
F Nouvelle-Aquitaine Girondins Bordeaux
71%
D Hamburg Hamburger SV
71%
F Normandy Le Havre
71%
F Hauts de France Lille
71%
F Occitania Olympique Nimes
71%
S Navarre Osasuna
71%
F Grand Est Racing Strasbourg
71%
E Liguria Sampdoria
71%
F Bretagne Stade Rennes
71%
D Lower Saxony Wolfsburg
71%
E Marche Ascoli
57%
E Abruzzo Delfino Pescara
57%
E Trentino South Tyrol FC Südtirol
57%
D Schleswig-Holstein Holstein Kiel
57%
D Rhineland Palatinate Mainz
57%
E Umbria Perugia
57%
S Castilia-Leon Real Valladolid
57%
E Friuli-Venezia Giulia Udinese
57%
F Corsica Bastia
43%
E Calabria Catanzaro
43%
D Mecklenburg-Vorpommern Hansa Rostock
43%
D Saxony-Anhalt Magdeburg
43%
E Basilicata Potenza
43%
S Cantabria Racing Santander
43%
F Bourgogne-Franche-Comte Sochaux
43%
S Asturias Sporting Gijon
43%
S Castilia-La Mancha Albacete Balompie
29%
D Brandenburg Energie Cottbus
29%
D Thuringia Karl-Zeiss Jena
29%
D Saarland Saarbrücken
29%
No matching quizzes found
Score Distribution
Percent of People with Each Score
Percentile by Number Answered
Your Score History
You have not taken this quiz since the last reset